000
00322nam a2200109Ia 4500
008
200302s9999 xx 000 0 und d
100
_a
E. Sterling & Others
245
_a
Building Design Technology and Occupant Well-Being in Temperate Climates
260
_b
American Society of Heating
260
_c
1993
300
_a
411 P.,
999
_c
2097
_d
2097